LEADER 01148nam1 2200385 450 001 990002410920203316 005 20050404142021.0 035 $a000241092 035 $aUSA01000241092 035 $a(ALEPH)000241092USA01 035 $a000241092 100 $a20050404d2004----km-y0itaa50------ba 101 0 $aita 102 $aIT 105 $ay---z---001yy 200 1 $aCelti d'Italia$fa cura di Paola Piana Agostinetti 210 $aRoma$cSpazio Tre$d2004 215 $av.$d24 cm 410 0$12001 454 1 $12001 461 1$1001------$12001 463 \1$1001990002410930203316$12001 $a<> Archeologia, lingua e scrittura dei Celti d'Italia 463 \1$1001990002426820203316$12001 $a<> Epigrafia e lingua dei Celti d'Italia 606 0 $aCelti$yItalia 607 $aItalia antica$xStoria$xOrigini$zsec. 2. 676 $a937.01 700 1$aPIANA AGOSTINETTI,$bPaola$0184969 801 0$aIT$bsalbc$gISBD 912 $a990002410920203316 951 $aX B 693/$cX B 959 $aBK 969 $aUMA 979 $aFIORELLA$b90$c20050404$lUSA01$h1420 996 $aCelti d'Italia$91066334 997 $aUNISA LEADER 02675nam 2200661 450 001 9910807714003321 005 20200520144314.0 010 $a1-84484-661-X 010 $a1-78310-454-6 035 $a(CKB)3710000000348522 035 $a(EBL)1938157 035 $a(SSID)ssj0001561189 035 $a(PQKBManifestationID)16200360 035 $a(PQKBTitleCode)TC0001561189 035 $a(PQKBWorkID)14829662 035 $a(PQKB)10516883 035 $a(SSID)ssj0001671871 035 $a(PQKBManifestationID)16465992 035 $a(PQKBTitleCode)TC0001671871 035 $a(PQKBWorkID)15009122 035 $a(PQKB)10996211 035 $a(MiAaPQ)EBC4357239 035 $a(MiAaPQ)EBC1938157 035 $a(Au-PeEL)EBL4357239 035 $a(CaPaEBR)ebr11283438 035 $a(OCoLC)961058402 035 $a(PPN)197273815 035 $a(EXLCZ)993710000000348522 100 $a20161024h20142014 uy 0 101 0 $afre 135 $aur|n|---||||| 181 $ctxt 182 $cc 183 $acr 200 10$a1000 Monuments de Genie /$fChris E. M. Pearson 210 1$aNew York :$cParkstone Press International,$d[2014] 210 4$dİ[2014] 215 $a1 online resource (544 p.) 300 $aDescription based upon print version of record. 311 $a1-336-22449-5 311 $a1-78310-942-4 320 $aIncludes bibliographical references. 327 $aSommaire; Introduction; L'Afrique et le Moyen-Orient; L'Asie et l'Oce?anie; L'Europe, la Russie et la Turquie; Les Ame?riques; Biographies; Chronologie; Glossaire; Liste des illustrations 330 $aDepuis la mythique tour de Babel, les hommes ont toujours tente? d'e?riger des monuments a? la hauteur de leur ego de?mesure?. Que ce soit les antiques ziggourats, le Taj Mahal ou encore l'Empire State Building, l'homme n'a cesse?, depuis des mille?naires, de montrer sa puissance gra?ce a? l'e?rection de ces ba?timents a? l'utilite? autant religieuse que profane. Te?moignages aux mille visages, symboles des valeurs des peuples tels la de?votion, le patriotisme, la puissance ou encore symboles de leur grandeur, ces monuments, par la cre?ativite? et l'inge?niosite? de leurs architectes, fascinent et attirent aujou 517 3 $aOne thousand Monuments de Genie 606 $aMonuments 606 $aArchitecture 615 0$aMonuments. 615 0$aArchitecture. 676 $a711.6 700 $aPearson$b Christopher E. M. $01647945 801 0$bMiAaPQ 801 1$bMiAaPQ 801 2$bMiAaPQ 906 $aBOOK 912 $a9910807714003321 996 $a1000 Monuments de Genie$93995790 997 $aUNINA